| 000 | 01781nam a2200325 i 4500 | ||
|---|---|---|---|
| 003 | DO-SdBNP | ||
| 005 | 20240703150524.0 | ||
| 007 | ta | ||
| 008 | 240703s2003 mx 000 0 spa d | ||
| 020 | _a9681670779 | ||
| 040 |
_aDO-SdBNP _bspa _cBNPHU _erda |
||
| 082 |
_a320.54 _bB752g _222 |
||
| 100 | 1 |
_aBouchard, Gérard _eautor _985941 |
|
| 240 | _aGenése des nations et cultures du nouveau Monde / | ||
| 245 | 1 | 0 |
_aGénesis de las naciones y culturas del nuevo mundo : _bensayo de historia comparada / _cGérard Bouchard ; traducción Mario Zamudio |
| 264 | 1 |
_aMéxico : _bFCE, _c2003. |
|
| 300 |
_a612 páginas, _c21 cm. |
||
| 336 |
_2rdacontent _atexto _btxt |
||
| 337 |
_2rdamedia _asin mediación _bn |
||
| 338 |
_2rdacarrier _avolumen _bnc |
||
| 490 | 1 | _aSección de obras de historia | |
| 500 | _aIncluye índice onomástico. | ||
| 504 | _aBibliografía p: 509-571 | ||
| 520 | _aEn este libro, Gérard Bouchard confronta la génesis y el desarrollo de Quebec con las otras colectividades nuevas, también llamadas culturas fundadoras: América Latina, Norteamérica y Australia. ¿Cómo nace una sociedad? ¿Cómo se conforma el imaginario colectivo, cómo la cultura? ¿Cómo se organiza el Estado, la nación, la identidad? ¿Cuál es el peso del lazo colonial y cómo se transforma a medida que se afirman las nuevas identidades continentales? Para contestar estas preguntas el autor emprende un doble camino que analiza tanto las trayectorias históricas como las representaciones que las culturas del Nuevo Mundo han elaborado para alimentar el imaginario colectivo. | ||
| 590 | _aInventariado, 2024/ YL | ||
| 700 | 1 |
_aZamudio, Mario _etraducción _985944 |
|
| 710 |
_aFondo de Cultura Económica _99178 |
||
| 910 | _aYLockward | ||
| 942 |
_2ddc _cLBS1 |
||
| 999 |
_c57135 _d57135 |
||